Environmental Potential of Using Coal-Processing Waste as the Primary and Secondary Fuel for Energy Providers; Energies; Vol. 10, iss. 3
| Parent link: | Energies Vol. 10, iss. 3.— 2017.— [11 р.] |
|---|---|
| Main Author: | |
| Corporate Authors: | , |
| Other Authors: | , |
| Summary: | Title screen The main anthropogenic emissions (CO, CO2, NOx, SOx) produced by the processing (combustion) of wastes (coal filter cakes) were measured directly for the first time. The research considered the most widespread coal filter cakes: those of nonbaking, low-caking, coking, flame, and gas coals. These filter cakes are regarded as promising components for the technologies of coal-water slurry (CWS) and coal-water slurry containing petrochemicals (CWSP). According to our estimates, the annual increment of such wastes in the world is as high as 100 million tons. Consequently, the effective utilization of these wastes in the power industry is of high interest. The evaluation of hazardous emissions from the combustion of such wastes shows that filter cakes produce a similar amount of CO and CO2 as the initially-used coals but filter cakes are more cost-effective. We have established that CWS and CWSP technologies can be used to reduce NOx and SOx emissions. To reduce CO and CO2 emissions when burning filter cakes, we need to switch to low-temperature combustion. Lowering the combustion temperature of filter cakes from 850 °C down to 650 °C decreases the underburning insignificantly while decreasing CO and CO2 emissions by 30-40%. |
| Language: | English |
| Published: |
2017
|
| Subjects: | |
| Online Access: | http://dx.doi.org/10.3390/en10030405 |
| Format: | Electronic Book Chapter |
| KOHA link: | https://koha.lib.tpu.ru/cgi-bin/koha/opac-detail.pl?biblionumber=655349 |
MARC
| LEADER | 00000naa0a2200000 4500 | ||
|---|---|---|---|
| 001 | 655349 | ||
| 005 | 20250318122154.0 | ||
| 035 | |a (RuTPU)RU\TPU\network\21429 | ||
| 035 | |a RU\TPU\network\19463 | ||
| 090 | |a 655349 | ||
| 100 | |a 20170830d2017 k||y0rusy50 ba | ||
| 101 | 0 | |a eng | |
| 102 | |a CH | ||
| 135 | |a drcn ---uucaa | ||
| 181 | 0 | |a i | |
| 182 | 0 | |a b | |
| 200 | 1 | |a Environmental Potential of Using Coal-Processing Waste as the Primary and Secondary Fuel for Energy Providers |f G. S. Nyashina, J. K. Ch. Legro, P. A. Strizhak | |
| 203 | |a Text |c electronic | ||
| 300 | |a Title screen | ||
| 320 | |a [References: 17 tit.] | ||
| 330 | |a The main anthropogenic emissions (CO, CO2, NOx, SOx) produced by the processing (combustion) of wastes (coal filter cakes) were measured directly for the first time. The research considered the most widespread coal filter cakes: those of nonbaking, low-caking, coking, flame, and gas coals. These filter cakes are regarded as promising components for the technologies of coal-water slurry (CWS) and coal-water slurry containing petrochemicals (CWSP). According to our estimates, the annual increment of such wastes in the world is as high as 100 million tons. Consequently, the effective utilization of these wastes in the power industry is of high interest. The evaluation of hazardous emissions from the combustion of such wastes shows that filter cakes produce a similar amount of CO and CO2 as the initially-used coals but filter cakes are more cost-effective. We have established that CWS and CWSP technologies can be used to reduce NOx and SOx emissions. To reduce CO and CO2 emissions when burning filter cakes, we need to switch to low-temperature combustion. Lowering the combustion temperature of filter cakes from 850 °C down to 650 °C decreases the underburning insignificantly while decreasing CO and CO2 emissions by 30-40%. | ||
| 461 | |t Energies | ||
| 463 | |t Vol. 10, iss. 3 |v [11 р.] |d 2017 | ||
| 610 | 1 | |a труды учёных ТПУ | |
| 610 | 1 | |a электронный ресурс | |
| 610 | 1 | |a уголь | |
| 610 | 1 | |a переработка | |
| 610 | 1 | |a угольные суспензии | |
| 610 | 1 | |a парниковые газы | |
| 610 | 1 | |a вредные выбросы | |
| 610 | 1 | |a coal processing wastes | |
| 610 | 1 | |a coal-water slurry containing petrochemicals | |
| 610 | 1 | |a CWSP | |
| 610 | 1 | |a greenhouse gases | |
| 610 | 1 | |a hazardous emissions | |
| 700 | 1 | |a Nyashina |b G. S. |c specialist in the field of heat and power engineering |c Assistant to Tomsk Polytechnic University, Candidate of Technical Sciences |f 1992- |g Galina Sergeevna |3 (RuTPU)RU\TPU\pers\35843 |9 18988 | |
| 701 | 1 | |a Legro |b J. K. Ch. |c specialist in the field of power engineering |c Professor of Tomsk Polytechnic University |f 1942- |g Zhan Klod Chislan |3 (RuTPU)RU\TPU\pers\35493 |9 18675 | |
| 701 | 1 | |a Strizhak |b P. A. |c Specialist in the field of heat power energy |c Doctor of Physical and Mathematical Sciences (DSc), Professor of Tomsk Polytechnic University (TPU) |f 1985- |g Pavel Alexandrovich |3 (RuTPU)RU\TPU\pers\30871 |9 15117 | |
| 712 | 0 | 2 | |a Национальный исследовательский Томский политехнический университет (ТПУ) |b Энергетический институт (ЭНИН) |b Лаборатория моделирования процессов тепломассопереноса (ЛМПТ) |3 (RuTPU)RU\TPU\col\19906 |
| 712 | 0 | 2 | |a Национальный исследовательский Томский политехнический университет (ТПУ) |b Энергетический институт (ЭНИН) |b Кафедра автоматизации теплоэнергетических процессов (АТП) |3 (RuTPU)RU\TPU\col\18678 |
| 801 | 2 | |a RU |b 63413507 |c 20170830 |g RCR | |
| 856 | 4 | 0 | |u http://dx.doi.org/10.3390/en10030405 |
| 942 | |c CF | ||